[Event "Mallorca-chT Preferente"]
[Site "Palma de Mallorca"]
[Date "2020.02.15"]
[Round "3.3"]
[White "Garcia del Rey, Senen"]
[Black "Penas Fuster, Jaime"]
[Result "1/2-1/2"]
[WhiteElo "2332"]
[BlackElo "1907"]
[PlyCount "44"]
[EventDate "2020.02.01"]
[EventType "team-tourn"]
[EventRounds "9"]
[EventCountry "ESP"]
[SourceTitle "CBM 195 Extra"]
[Source "ChessBase"]
[SourceDate "2020.05.31"]
[SourceVersion "1"]
[SourceVersionDate "2020.05.31"]
[SourceQuality "1"]
[WhiteTeam "Agora Megaescacs"]
[BlackTeam "Tropic"]
[WhiteTeamCountry "ESP"]
[BlackTeamCountry "ESP"]

1. e4 c5 2. Nf3 d6 3. Bb5+ Bd7 4. Bxd7+ Nxd7 5. c4 e5 6. Nc3 Ngf6 7. d3 Be7 8. a3 a6 9. b4 0-0 10. Rb1 Rb8 11. h3 Re8 12. Be3 Qc7 13. Qd2 b6 14. 0-0 Nf8 15. Nd5 Nxd5 16. cxd5 f5 17. exf5 Qd7 18. g4 g6 19. fxg6 Nxg6 20. Ng5 Nh4 21. f3 Rf8 22. Qf2 Bxg5 1/2-1/2

[Event "Mallorca-chT Preferente"]
[Site "Palma de Mallorca"]
[Date "2020.02.08"]
[Round "2.3"]
[White "Pons Boissel, Miguel"]
[Black "Garcia del Rey, Senen"]
[Result "0-1"]
[WhiteElo "1972"]
[BlackElo "2332"]
[PlyCount "49"]
[EventDate "2020.02.01"]
[EventType "team-tourn"]
[EventRounds "9"]
[EventCountry "ESP"]
[SourceTitle "CBM 195 Extra"]
[Source "ChessBase"]
[SourceDate "2020.05.31"]
[SourceVersion "1"]
[SourceVersionDate "2020.05.31"]
[SourceQuality "1"]
[WhiteTeam "Vuit Peons"]
[BlackTeam "Agora Megaescacs"]
[WhiteTeamCountry "ESP"]
[BlackTeamCountry "ESP"]

1. d4 Nf6 2. Nf3 e6 3. c4 Bb4+ 4. Bd2 c5 5. Nc3 b6 6. e3 Bb7 7. dxc5 bxc5 8. a3 Ba5 9. Bd3 0-0 10. 0-0 d5 11. cxd5 exd5 12. b4 cxb4 13. axb4 Bxb4 14. Qb3 Qe7 15. Rfb1 Nc6 16. Nxd5 Nxd5 17. Qxd5 Bxd2 18. Nxd2 Nb4 19. Qb5 a5 20. Nb3 Ba6 21. Bxh7+ Kxh7 22. Qh5+ Kg8 23. Rxa5 Qd6 24. Rba1 Qg6 25. Qe5 0-1

[Event "Llucmajor op 7th"]
[Site "Llucmajor"]
[Date "2018.05.18"]
[Round "7"]
[White "Garcia del Rey, Senen"]
[Black "Vega Gutierrez, Sabrina Neide"]
[Result "1-0"]
[WhiteElo "2293"]
[BlackElo "2401"]
[PlyCount "75"]
[EventDate "2018.05.13"]
[EventType "swiss"]
[EventRounds "9"]
[EventCountry "ESP"]
[SourceTitle "CBM 184 Extra"]
[Source "ChessBase"]
[SourceDate "2018.06.28"]
[SourceVersion "1"]
[SourceVersionDate "2018.06.28"]
[SourceQuality "1"]

1. e4 c5 2. Nf3 e6 3. c3 Nf6 4. e5 Nd5 5. d4 cxd4 6. cxd4 d6 7. Nc3 Nxc3 8. bxc3 Nc6 9. exd6 Qxd6 10. Bd3 Be7 11. 0-0 0-0 12. Qe2 Bd7 13. Rb1 b6 14. Rd1 Na5 15. Ne5 Ba4 16. Re1 Rac8 17. Bf4 Rxc3 18. Ng6 Qd8 19. Nxf8 Bxf8 20. Bd2 Rc8 21. Bxa5 bxa5 22. Qe4 g6 23. Rec1 Rxc1+ 24. Rxc1 Bg7 25. Ba6 Qb6 26. Rc8+ Bf8 27. Qb7 Qxd4 28. Qe7 Qg7 29. h3 Bc6 30. Bc4 Qh6 31. f4 Qg7 32. Kh2 Qh6 33. Kg3 Qg7 34. Bxe6 Qc3+ 35. Kh2 Qg7 36. Bc4 Ba4 37. Qd8 h5 38. Rc7 1-0

[Event "Calvia Amateur op 14th"]
[Site "Calvia"]
[Date "2017.10.07"]
[Round "1"]
[White "Garcia del Rey, Senen"]
[Black "Vicens Company, Maria Antonia"]
[Result "1-0"]
[WhiteElo "2242"]
[BlackElo "1819"]
[PlyCount "57"]
[EventDate "2017.10.07"]
[EventType "swiss"]
[EventRounds "9"]
[EventCountry "ESP"]
[SourceTitle "CBM 181 Extra"]
[Source "ChessBase"]
[SourceDate "2017.12.12"]
[SourceVersion "1"]
[SourceVersionDate "2017.12.12"]
[SourceQuality "1"]

1. c4 e5 2. e3 Nf6 3. a3 Nc6 4. b4 d5 5. cxd5 Nxd5 6. Bb2 Bd6 7. Qc2 0-0 8. Nf3 Re8 9. Nc3 Nf6 10. d3 Bf5 11. Ne4 Nxe4 12. dxe4 Bg6 13. Be2 Nxb4 14. axb4 Bxb4+ 15. Bc3 Bxe4 16. Qb2 Bxc3+ 17. Qxc3 Qe7 18. Ra5 Bxf3 19. Bxf3 e4 20. Be2 b6 21. Ra6 c6 22. 0-0 Qb7 23. Rfa1 Re7 24. Qa3 b5 25. Qc5 Rc7 26. Qb4 Rb8 27. Qxe4 c5 28. Qe5 c4 29. Rxa7 1-0

[Event "Calvia Amateur op 13th"]
[Site "Calvia"]
[Date "2016.10.09"]
[Round "2"]
[White "Kamm, Guenther"]
[Black "Garcia del Rey, Senen"]
[Result "1/2-1/2"]
[WhiteElo "2009"]
[BlackElo "2253"]
[PlyCount "60"]
[EventDate "2016.10.08"]
[EventType "swiss"]
[EventRounds "9"]
[EventCountry "ESP"]
[SourceTitle "CBM 175 Extra"]
[Source "ChessBase"]
[SourceDate "2016.12.12"]
[SourceVersion "1"]
[SourceVersionDate "2016.12.12"]
[SourceQuality "1"]

1. e4 c5 2. Nf3 e6 3. d3 Nc6 4. g3 d5 5. Nbd2 Bd6 6. Bg2 Nge7 7. 0-0 0-0 8. c3 b6 9. Re1 dxe4 10. dxe4 e5 11. Nc4 Bc7 12. a4 f6 13. Be3 Be6 14. Qe2 Qc8 15. Red1 Qa6 16. Bf1 Rad8 17. b3 Qc8 18. Rxd8 Rxd8 19. Rd1 Rd7 20. Rxd7 Qxd7 21. Qd2 Qxd2 22. Nfxd2 Nd4 23. Bd3 Kf7 24. f3 Ndc6 25. Kg2 g6 26. Na3 Nc8 27. Ndc4 Nd6 28. Nxd6+ Bxd6 29. Nc4 Bc7 30. Kf2 Ke8 1/2-1/2

[Event "Calvia Amateur op 10th"]
[Site "Calvia"]
[Date "2013.10.06"]
[Round "2"]
[White "Garcia del Rey, Senen"]
[Black "Cip, Dalibor"]
[Result "1-0"]
[WhiteElo "2317"]
[BlackElo "2088"]
[PlyCount "91"]
[EventDate "2013.10.05"]
[EventType "swiss"]
[EventRounds "9"]
[EventCountry "ESP"]
[SourceTitle "EXT 2014"]
[Source "ChessBase"]
[SourceDate "2013.11.20"]
[SourceVersion "1"]
[SourceVersionDate "2013.11.20"]
[SourceQuality "1"]

1. c4 Nf6 2. g3 g6 3. Bg2 Bg7 4. Nc3 0-0 5. Nf3 c6 6. d4 d5 7. Ne5 dxc4 8. Nxc4 Be6 9. Ne5 Nbd7 10. Nf3 Nd5 11. 0-0 Nxc3 12. bxc3 Bd5 13. Qc2 c5 14. e4 Bc4 15. Rd1 cxd4 16. cxd4 Rc8 17. Be3 Qa5 18. Qd2 Qa6 19. Bh6 b5 20. e5 Bd5 21. Qg5 Qe6 22. Qh4 Bxh6 23. Qxh6 Bxf3 24. Bxf3 Rc2 25. Re1 Qf5 26. Qe3 Nb6 27. Be4 Nc4 28. Bxc2 Qxc2 29. Qb3 Qf5 30. Qxb5 Nd2 31. Re3 Nf3+ 32. Kg2 Nxd4 33. Qd5 Ne6 34. Qe4 Qh5 35. h4 Rd8 36. Rc1 Rd2 37. Rc2 Qd1 38. Rxd2 Qxd2 39. Qa8+ Kg7 40. Qxa7 Qd5+ 41. Kg1 Nd4 42. Qxe7 Nf3+ 43. Rxf3 Qxf3 44. e6 Qd1+ 45. Kh2 Qe2 46. Qxf7+ 1-0

[Event "Mallorca-chT Preferente"]
[Site "Palma de Mallorca"]
[Date "2012.03.24"]
[Round "8.2"]
[White "Navarrete Solano, Jorge Jose"]
[Black "Garcia del Rey, Senen"]
[Result "0-1"]
[WhiteElo "2044"]
[BlackElo "2292"]
[PlyCount "72"]
[EventDate "2012.01.28"]
[EventType "team"]
[EventRounds "9"]
[EventCountry "ESP"]
[SourceTitle "EXT 2014"]
[Source "ChessBase"]
[SourceDate "2013.11.20"]
[SourceVersion "1"]
[SourceVersionDate "2013.11.20"]
[SourceQuality "1"]
[WhiteTeam "Dimonis Algaida"]
[BlackTeam "Agora Megaescacs"]
[WhiteTeamCountry "ESP"]
[BlackTeamCountry "ESP"]

1. Nf3 c5 2. c4 Nf6 3. Nc3 e6 4. d4 cxd4 5. Nxd4 a6 6. g3 Qc7 7. Qd3 Nc6 8. Nxc6 Qxc6 9. e4 b6 10. Bg2 Bb7 11. Bg5 Rc8 12. Bxf6 gxf6 13. Rd1 Rc7 14. Bf1 Bb4 15. f3 f5 16. a3 fxe4 17. fxe4 Qxe4+ 18. Qxe4 Bxe4 19. Rg1 Bc5 20. Nxe4 Bxg1 21. b4 f5 22. Nf6+ Ke7 23. Nh5 Be3 24. Ke2 Bh6 25. Kf3 a5 26. Nf4 axb4 27. axb4 Ra8 28. Ng2 Ra4 29. b5 Ra3+ 30. Kf2 Rc5 31. Ne1 Ra2+ 32. Kg1 Be3+ 33. Kh1 Rc8 34. Nf3 Rca8 35. Rd3 Bc5 36. Nd2 Rc2 0-1

[Event "Calvia Amateur op 8th"]
[Site "Calvia"]
[Date "2011.10.15"]
[Round "8"]
[White "Rodriguez Fontecha, Marcos"]
[Black "Garcia del Rey, Senen"]
[Result "1-0"]
[WhiteElo "2244"]
[BlackElo "2295"]
[PlyCount "99"]
[EventDate "2011.10.08"]
[EventType "swiss"]
[EventRounds "9"]
[EventCountry "ESP"]
[SourceTitle "CBM 144 Extra"]
[Source "ChessBase"]
[SourceDate "2011.10.28"]
[SourceVersion "1"]
[SourceVersionDate "2011.10.28"]
[SourceQuality "1"]

1. d4 Nf6 2. Nf3 c5 3. Nc3 d5 4. Bf4 e6 5. e3 a6 6. Be2 Nc6 7. 0-0 Be7 8. h3 0-0 9. a4 h6 10. Ne5 Bd6 11. Nxc6 bxc6 12. Bxd6 Qxd6 13. a5 e5 14. dxe5 Qxe5 15. Bf3 Rb8 16. Na4 Rb5 17. Qd2 c4 18. Rab1 Ne4 19. Bxe4 dxe4 20. Nc3 Rxa5 21. Ra1 Rxa1 22. Rxa1 Re8 23. Rd1 Qb8 24. Na4 Qb5 25. Ra1 Qg5 26. Kh1 Rd8 27. Qb4 Qf6 28. Rf1 Be6 29. Nc5 a5 30. Qxa5 Bd5 31. Kg1 Qe7 32. Qb6 Ra8 33. b3 cxb3 34. cxb3 Ra2 35. Rd1 Qf6 36. Qb8+ Kh7 37. Rf1 Qe7 38. Rc1 Rb2 39. Qc8 g6 40. Qb8 Kg7 41. Qb4 Kh7 42. Qd4 Ra2 43. b4 h5 44. b5 Qa7 45. Qe5 Qa3 46. Rc3 Qb2 47. Qf6 Ra3 48. Nxe4 Bxe4 49. Qxf7+ Kh6 50. Qf8+ 1-0

[Event "Petra"]
[Site "Petra"]
[Date "2010.12.16"]
[Round "8"]
[White "Garcia del Rey, Senen"]
[Black "Aroshidze, Levan"]
[Result "0-1"]
[WhiteElo "2322"]
[BlackElo "2552"]
[PlyCount "76"]
[EventDate "2010.12.11"]
[EventType "tourn"]
[EventRounds "9"]
[EventCountry "ESP"]
[EventCategory "4"]
[SourceTitle "CBM 139 Extra"]
[Source "ChessBase"]
[SourceDate "2011.01.05"]
[SourceVersion "1"]
[SourceVersionDate "2011.01.05"]
[SourceQuality "1"]

1. c4 Nf6 2. g3 c5 3. Bg2 e6 4. Nf3 d6 5. 0-0 Qc7 6. b3 b6 7. Bb2 Be7 8. d4 cxd4 9. Nxd4 Bb7 10. Bxb7 Qxb7 11. Nc3 0-0 12. Qd3 Rc8 13. Rfd1 a6 14. Qf3 Nc6 15. Ne4 Ne8 16. Rac1 Rab8 17. Nxc6 Rxc6 18. Rd3 b5 19. Nd2 Qc7 20. Rd1 bxc4 21. Nxc4 Rxc4 22. bxc4 Rxb2 23. Rb3 Rxb3 24. axb3 Qb6 25. Qa8 Kf8 26. Ra1 Qxb3 27. Qxa6 Bf6 28. Ra2 Bd4 29. e3 Bc5 30. Ra4 g6 31. Qc6 Qb1+ 32. Kg2 Qb8 33. Qd7 Qc7 34. Qb5 Nf6 35. Ra8+ Kg7 36. Rb8 e5 37. Rb7 Qc8 38. h3 Qf5 0-1

[Event "Palma de Mallorca op 4th"]
[Site "Palma de Mallorca"]
[Date "2009.11.25"]
[Round "6"]
[White "Colovic, Aleksandar"]
[Black "Garcia del Rey, Senen"]
[Result "1-0"]
[WhiteElo "2443"]
[BlackElo "2278"]
[PlyCount "65"]
[EventDate "2009.11.21"]
[EventType "swiss"]
[EventRounds "9"]
[EventCountry "ESP"]
[SourceTitle "EXT 2011"]
[Source "ChessBase"]
[SourceDate "2010.11.26"]
[SourceVersion "1"]
[SourceVersionDate "2010.11.26"]
[SourceQuality "1"]

1. e4 c5 2. Nf3 e6 3. d4 cxd4 4. Nxd4 Nc6 5. Nc3 Qc7 6. f4 a6 7. Be3 b5 8. Bd3 Bb7 9. Qf3 Nf6 10. 0-0-0 Bb4 11. Nde2 Bxc3 12. Nxc3 Nb4 13. Qg3 0-0 14. Kb1 Rfc8 15. Bd4 Ne8 16. Rhf1 Nxd3 17. Qxd3 Qc6 18. a3 Qc4 19. f5 Qxd3 20. cxd3 f6 21. g4 e5 22. Be3 d5 23. exd5 Rd8 24. d4 e4 25. Nxe4 Bxd5 26. Nc5 Nd6 27. Bf4 Ne4 28. Rfe1 Nxc5 29. dxc5 Bf3 30. Rxd8+ Rxd8 31. h3 Kf7 32. Re6 Rc8 33. b4 1-0

[Event "Palma de Mallorca op 4th"]
[Site "Palma de Mallorca"]
[Date "2009.11.22"]
[Round "2"]
[White "Ipatov, Alexander"]
[Black "Garcia del Rey, Senen"]
[Result "1-0"]
[WhiteElo "2487"]
[BlackElo "2278"]
[PlyCount "163"]
[EventDate "2009.11.21"]
[EventType "swiss"]
[EventRounds "9"]
[EventCountry "ESP"]
[SourceTitle "EXT 2011"]
[Source "ChessBase"]
[SourceDate "2010.11.26"]
[SourceVersion "1"]
[SourceVersionDate "2010.11.26"]
[SourceQuality "1"]

1. d4 d6 2. Nf3 g6 3. c4 Bg7 4. Nc3 Bg4 5. e3 c5 6. Be2 cxd4 7. exd4 Nh6 8. h3 Bxf3 9. Bxf3 Nc6 10. g4 0-0 11. Be3 f5 12. Bd5+ Kh8 13. g5 Nf7 14. h4 e6 15. Bxe6 f4 16. Bxf4 Nxd4 17. Bd5 Ne5 18. Be3 Nef3+ 19. Kf1 Qd7 20. h5 gxh5 21. Bxd4 Nxd4 22. Qxh5 Qf5 23. Ne4 Nc2 24. g6 h6 25. Qxf5 Rxf5 26. Nxd6 Rxd5 27. cxd5 Nxa1 28. Nf7+ Kg8 29. d6 Nc2 30. d7 Bf6 31. Rh5 Nd4 32. Rd5 Nc6 33. f4 Nd8 34. Nd6 a5 35. Ne8 Ra6 36. Rc5 Be7 37. Re5 Re6 38. Rxe6 Nxe6 39. f5 Nc5 40. f6 Bd8 41. f7+ Kf8 42. Nd6 b6 43. Nf5 Nxd7 44. Nxh6 Kg7 45. Ng4 Bf6 46. b3 Kxg6 47. Ke2 Kxf7 48. Ne3 Ke6 49. Kd3 Ne5+ 50. Ke4 Be7 51. Nf5 Bc5 52. Ng7+ Kf6 53. Nh5+ Ke7 54. Kxe5 Kd7 55. Kd5 Kc7 56. Nf4 Kb7 57. Ne2 Bf2 58. Nc3 Be3 59. Nb5 Bf2 60. Kd6 Bg3+ 61. Kd7 Bf2 62. Nd6+ Ka6 63. Kc6 Bg1 64. Ne4 Bd4 65. Nd6 Bc5 66. Nb5 Be3 67. Nd6 Bc5 68. Nb5 Be3 69. Nd6 Bc5 70. Nc8 Be3 71. Ne7 Bf2 72. Nd5 Bg1 73. a3 Bf2 74. b4 axb4 75. axb4 Bg1 76. Ne7 Bf2 77. b5+ Ka7 78. Nc8+ Ka8 79. Nxb6+ Bxb6 80. Kxb6 Kb8 81. Ka6 Ka8 82. b6 1-0

[Event "ESP-ch 74th"]
[Site "Palma de Mallorca"]
[Date "2009.09.30"]
[Round "5"]
[White "Ensenat Calafell, Jose Luis"]
[Black "Garcia del Rey, Senen"]
[Result "0-1"]
[WhiteElo "1810"]
[BlackElo "2319"]
[PlyCount "52"]
[EventDate "2009.09.26"]
[EventType "swiss"]
[EventRounds "9"]
[EventCountry "ESP"]
[SourceTitle "CBM 132 Extra"]
[Source "ChessBase"]
[SourceDate "2009.11.03"]
[SourceVersion "1"]
[SourceVersionDate "2009.11.03"]
[SourceQuality "1"]

1. e4 c5 2. Nf3 e6 3. d4 cxd4 4. Nxd4 Nc6 5. Nc3 Qc7 6. Be3 a6 7. Be2 Nf6 8. a4 Bb4 9. f3 0-0 10. 0-0 d5 11. exd5 exd5 12. Nxc6 bxc6 13. Bd3 Be6 14. Qe1 c5 15. Qh4 c4 16. Be2 Rab8 17. Bd4 Bc5 18. Nd1 Qa7 19. c3 Bxd4+ 20. Qxd4 Qxd4+ 21. cxd4 Rb3 22. g4 h6 23. Rf2 a5 24. Rb1 Rfb8 25. Bf1 Bd7 26. Nc3 Rxc3 0-1